Selamatkan jiwa kita

Bibliographic Details
Main Author: O.Solihin
Format: Book
Published: Kuala Lumpur : Malaysia , [s.n]
Series:siri remaja soleh
Subjects:

MARC

LEADER 00000cam a2200000 7i4500
001 0000048074
005 20230125.0
008 150607
020 |a 9789673710102 
090 0 0 |a PR   |b MAL 
100 1 |a O.Solihin 
245 1 0 |a Selamatkan jiwa kita   |c O.Solihin 
260 |a Kuala Lumpur :   |b Malaysia ,   |c [s.n] 
300 |a 112pg. :   |b col.ill 
490 1 |a siri remaja soleh 
650 0 |a Malay fiction 
999 |a 0001229877   |b Book   |c Children Collection   |e Cawangan Kota Tinggi 
999 |a 0001229878   |b Book   |c Children Collection   |e Cawangan Segamat 
999 |a 0001229879   |b Book   |c Children Collection   |e Cawangan Pontian 
999 |a 0001229880   |b Book   |c Children Collection   |e Cawangan Tmn. Ungku Tun Aminah 
999 |a 0001229884   |b Book   |c Children Collection   |e Cawangan Tangkak 
999 |a 0001229885   |b Book   |c Children Collection   |e Cawangan Bukit Gambir 
999 |a 0001229938   |b Book   |c Children Collection   |e Cawangan Taman Sri Lambak 
999 |a 0001229939   |b Book   |c Children Collection   |e Cawangan Bandar Penawar 
999 |a 0001229940   |b Book   |c Children Collection   |e Cawangan Mersing